Normal view
MARC view
Entry Personal Name
001 - CONTROL NUMBER
- control field: 12742
003 - CONTROL NUMBER IDENTIFIER
- control field: ARRUPE
005 - DATE AND TIME OF LATEST TRANSACTION
- control field: 20141119165305.0
008 - FIXED-LENGTH DATA ELEMENTS
- fixed length control field: 141119|| aca||aabn | a|a d
040 ## - CATALOGING SOURCE
- Original cataloging agency: ARRUPE
- Transcribing agency: ARRUPE
100 ## - HEADING--PERSONAL NAME
- Personal name: Hale, John Richard. [from old catalog]
670 ## - SOURCE DATA FOUND
- Source citation: Work cat.: (ARRUPE)0: Hale, John Richard. [from old catalog], Famous sea fights from Salamis to Tsu-shima,, [1911]